banner-ar

بيرم التونسى : بيرم ناقد للحياة / (Record no. 66613)

MARC details
000 -الفاتح
حقل البيانات ثابتة الطول 00813nam a2200229Ia 4500
005 - وقت وتاريخ اخر تعامل مع التسجيلة
رقم الضبط 20240530110929.0
008 - عناصر البيانات ثابتة الطول - معلومات عامة
حقل البيانات ثابتة الطول 140319s9999 xx 000 0 ara d
040 ## - مصدر الفهرسة
وكالة الفهرسة الأصلية GCL /
وكالة النسخ GCL
082 04 - رقم تصنيف ديوى العشرى
رقم التصنيف 811.9
رقم المادة ب أ
100 0# - المدخل الرئيسى - إسم شخصى
الإسم الشخصى بيرم التونسى
245 12 - بيان العنوان
العنوان بيرم التونسى : بيرم ناقد للحياة /
بيان المسئوليه,etc بيرم التونسى ؛ اشراف رشدى صالح
260 ## - PUBLICATION, DISTRIBUTION, ETC. (IMPRINT)
تاريخ النشر أو التوزيع 1986
300 ## - الوصف المادى
التعداد اجزاء ؛
أبعاد الوعاء 24 سم.
490 0# - بيان السلسلة
عنوان السلسلة الاعمال الكاملة لبيرم التونسى ؛
رقم المجلد/ التعيين التسلسلي 5
650 04 - المدخل الاضافى بالموضوع-مصطلح موضوعى
مصطلح موضوعي الشعر العربى
650 04 - المدخل الاضافى بالموضوع-مصطلح موضوعى
مصطلح موضوعي الادب العربى
650 04 - المدخل الاضافى بالموضوع-مصطلح موضوعى
مصطلح موضوعي المقامات
650 04 - المدخل الاضافى بالموضوع-مصطلح موضوعى
مصطلح موضوعي الشعر العامى
700 1# - المدخل الاضافى - اسم شخصى
الإسم الشخصى رشدى صالح(اشراف)
942 ## - عناصر المدخل الإضافي( كوها)
مصدر التصنيف او مخطط الترفيف Dewey Decimal Classification
Koha [default] item type كتاب
260 ## - PUBLICATION, DISTRIBUTION, ETC. (IMPRINT)
-- [S.N] :
-- الهيئة المصرية العامة للكتاب ،
Holdings
حالة التراجع حالة الفقد مصدر التصنيف او خطة الترفيف حالة تلف ليس للاعارة المكان المؤقت الموقع الحالى موقع الترفيف تاريخ الاكتساب اجمالي اﻻعارات رقم الطلب الباركود تاريخ اخر مشاهدة تاريخ تفعيل السعر نوع وعاء كوها
    ddc     مكتبة القاهرة الكبرى مكتبة القاهرة الكبرى ق الرئيسية_الأداب_ك عربى 08/20/2022   811.9\ب أ 168284 08/20/2022 08/20/2022 كتاب
    ddc     مكتبة القاهرة الكبرى مكتبة القاهرة الكبرى ق الرئيسية_الأداب_ك عربى 08/20/2022   811.9\ب أ 168285 08/20/2022 08/20/2022 كتاب
    ddc     مكتبة القاهرة الكبرى مكتبة القاهرة الكبرى ق الرئيسية_الأداب_ك عربى 08/20/2022   811.9\ب أ 168286 08/20/2022 08/20/2022 كتاب
    ddc     مكتبة القاهرة الكبرى مكتبة القاهرة الكبرى ق الرئيسية_الأداب_ك عربى 08/20/2022   811.9\ب أ 168287 08/20/2022 08/20/2022 كتاب

Powered By

EGPV